000 00801 a2200145 4500
245 0 0 _aMethods of measurement for radio equipment used in satellite earth stations - Part 3: Methods of measurement for combinations of sub-systems Section Two: Measurement of the figure of merit (G/T) of the receiving system in the 4 Ghz to 6 GHz range IEC 510-3-2 /
_cISO, IEC.
246 1 3 _aIEC 510-3-2
250 _aFirst edition.
260 _aGeneva :
_bISO :
_bIEC,
_c1980.
300 _a27 stron ;
_c30 cm.
336 _aTekst
_btxt
_2rdacontent
337 _aBez urządzenia pośredniczącego
_bn
_2rdamedia
338 _aWolumin
_bnc
_2rdacarrier
710 2 _aMiędzynarodowa Organizacja Normalizacyjna.
_cInstytucja sprawcza
_cWydawca
_4pbl
710 2 _aInternational Electrotechnical Commission.
_cInstytucja sprawcza
_cWydawca
_4pbl
999 _c22133
_d22133